[Event "BCF-chT4S 1920 (4NCL)"]
[Site "England"]
[Date "2020.02.08"]
[Round "5.96"]
[White "Ross, David C"]
[Black "Dabner, Tom"]
[Result "1/2-1/2"]
[WhiteElo "1679"]
[BlackElo "1690"]
[PlyCount "105"]
[EventDate "2019.11.09"]
[EventType "team-swiss"]
[EventRounds "11"]
[EventCountry "ENG"]
[SourceTitle "EXT 2022"]
[Source "ChessBase"]
[SourceDate "2021.10.06"]
[SourceVersion "1"]
[SourceVersionDate "2021.10.06"]
[SourceQuality "1"]
[WhiteTeam "War and Piece"]
[BlackTeam "Ashfield II"]
[WhiteTeamCountry "ENG"]
[BlackTeamCountry "ENG"]

1. e4 d5 2. exd5 Nf6 3. Nc3 Nxd5 4. d4 Bf5 5. Nxd5 Qxd5 6. Be3 Nc6 7. Ne2 e6 8. Nf4 Qd7 9. c3 Bd6 10. Bd3 Ne7 11. 0-0 0-0 12. Re1 c6 13. Bc2 Qc7 14. Bxf5 Nxf5 15. Qg4 Nxe3 16. fxe3 Rae8 17. h4 Bxf4 18. exf4 c5 19. dxc5 Qxc5+ 20. Kh1 Rd8 21. Rad1 Qf2 22. Rf1 Qxb2 23. Qf3 Qxa2 24. Ra1 Qc4 25. Qxb7 Qxc3 26. Qxa7 Qg3 27. Qf2 Qg4 28. Ra5 h6 29. Ra3 Rd1 30. Rxd1 Qxd1+ 31. Kh2 Rd8 32. Rg3 Qc1 33. Qe3 Qb1 34. Qe5 g6 35. h5 Rd1 36. Rc3 Rh1+ 37. Kg3 Qe1+ 38. Qxe1 Rxe1 39. hxg6 fxg6 40. Rc7 e5 41. fxe5 Rxe5 42. Kf3 Rf5+ 43. Kg4 Rf7 44. Rc6 Kg7 45. Kh4 Rf4+ 46. Kg3 g5 47. Kh3 h5 48. g3 Rf6 49. Rc7+ Kg6 50. Rc8 Rf2 51. Rg8+ Kh6 52. Rh8+ Kg6 53. Rg8+ 1/2-1/2